[Event "DVM U16 2024"]
[Site "Sebnitz GER"]
[Date "2024.12.29"]
[Round "5"]
[White "Trunz, Michelle"]
[Black "Semling, Julius"]
[Result "1-0"]
[Termination "normal"]
[Board "1.1"]
[WhiteElo "2115"]
[BlackElo "2213"]
[WhiteTeam "SG Porz"]
[BlackTeam "OSG Baden-Baden"]
[PlyCount "113"]
[WhiteFideId "16227980"]
[BlackFideId "16290160"]
[EventCountry "GER"]
[EventRounds "7"]
[EventType "team-swiss"]
[EventDate "2024.12.26"]

1. d4 Nf6 2. c4 e6 3. Nc3 Bb4 4. e3 O-O 5. Nge2 c6 6. a3 Ba5 7. c5 d6 8. cxd6
Qxd6 9. b4 Bc7 10. g3 Qe7 11. Bg2 e5 12. Qc2 Nbd7 13. O-O Re8 14. b5 e4 15.
bxc6 bxc6 16. Na4 Ba6 17. Re1 Rac8 18. Bb2 Bd6 19. Bh3 Rc7 20. Rec1 Rb8 21. Qd2
h5 22. Nf4 Rcb7 23. d5 cxd5 24. Bxf6 Nxf6 25. Bc8 Bxa3 26. Rxa3 Qxa3 27. Bxb7
Rxb7 28. Qd1 Bc4 29. Nc3 Qa5 30. h3 Bb3 31. Qd4 Rc7 32. Nfe2 Qc5 33. Qe5 Qe7
34. Qd4 a5 35. Rb1 Bc4 36. Nf4 Qd6 37. Kg2 Rc5 38. Rc1 Rc7 39. Na4 g5 40. Ne2
Rb7 41. Rxc4 Qe6 42. Nc5 Qf5 43. Nxb7 Qf3+ 44. Kf1 dxc4 45. Nd6 c3 46. Nxc3 h4
47. Ndxe4 Qh1+ 48. Ke2 Nxe4 49. Nxe4 hxg3 50. Qd8+ Kh7 51. Nxg5+ Kg7 52. fxg3
Qg2+ 53. Kd3 Qf1+ 54. Ke4 Qb1+ 55. Kf4 Qf1+ 56. Nf3 Qxh3 57. Qxa5 1-0

[Event "DVM U16 2024"]
[Site "Sebnitz GER"]
[Date "2024.12.29"]
[Round "5"]
[White "Semling, Johannes"]
[Black "Holzwarth, Felix"]
[Result "1/2-1/2"]
[Termination "normal"]
[Board "1.2"]
[WhiteElo "2180"]
[BlackElo "1954"]
[WhiteTeam "OSG Baden-Baden"]
[BlackTeam "SG Porz"]
[PlyCount "67"]
[WhiteFideId "16290151"]
[BlackFideId "34621377"]
[EventCountry "GER"]
[EventRounds "7"]
[EventType "team-swiss"]
[EventDate "2024.12.26"]

1. e4 e5 2. Nf3 Nc6 3. Bb5 a6 4. Ba4 Nf6 5. O-O Be7 6. Re1 b5 7. Bb3 O-O 8. a4
d5 9. exd5 Na5 10. axb5 Nxb3 11. cxb3 e4 12. Ng5 Qxd5 13. d3 Bg4 14. Nc3 Bxd1
15. Nxd5 Nxd5 16. Rxd1 e3 17. Nf3 exf2+ 18. Kxf2 axb5 19. Bd2 Bf6 20. d4 h6 21.
h4 Ne7 22. Bb4 Rfd8 23. Bxe7 Bxe7 24. Rxa8 Rxa8 25. Ke2 Ra2 26. Rd2 Bb4 27. Rc2
Ba3 28. Kd3 Rxb2 29. Rxb2 Bxb2 30. Ke4 Kf8 31. Kd5 Ke7 32. Kc6 g5 33. hxg5 hxg5
34. Nxg5 1/2-1/2

[Event "DVM U16 2024"]
[Site "Sebnitz GER"]
[Date "2024.12.29"]
[Round "5"]
[White "Trunz, Tamila"]
[Black "Uhlmann, Tim"]
[Result "1/2-1/2"]
[Termination "normal"]
[Board "1.3"]
[WhiteElo "1940"]
[BlackElo "2041"]
[WhiteTeam "SG Porz"]
[BlackTeam "OSG Baden-Baden"]
[PlyCount "120"]
[WhiteFideId "16267885"]
[BlackFideId "16239210"]
[EventCountry "GER"]
[EventRounds "7"]
[EventType "team-swiss"]
[EventDate "2024.12.26"]

1. e4 e5 2. Nf3 Nc6 3. Bb5 a6 4. Ba4 Nf6 5. O-O Bc5 6. c3 b5 7. Bb3 d6 8. d4
Bb6 9. h3 O-O 10. Re1 Re8 11. d5 Na5 12. Bc2 c5 13. b4 cxb4 14. cxb4 Nc4 15.
Nbd2 Bd7 16. Nxc4 bxc4 17. Ba4 Bxa4 18. Qxa4 Bd4 19. Rb1 Qb6 20. Qc2 Rac8 21.
Be3 c3 22. a3 Rc4 23. Rbd1 Rec8 24. Rd3 a5 25. Bxd4 exd4 26. bxa5 Qc5 27. Red1
Rb8 28. Rxd4 Rb2 29. Rxc4 Qxc4 30. Rb1 Qa2 31. Rxb2 Qxb2 32. Qxb2 cxb2 33. Nd2
Nxe4 34. Nb1 Nf6 35. Kf1 Nxd5 36. Ke2 Kf8 37. Kd3 Ke7 38. Kc2 Kd7 39. g3 f5 40.
Kxb2 f4 41. Nc3 fxg3 42. fxg3 Ne3 43. Kb3 Kc6 44. a4 h5 45. a6 Nf5 46. g4 hxg4
47. hxg4 Nh6 48. Nd5 Nxg4 49. a5 Nf6 50. Ne7+ Kc7 51. Nf5 Ne8 52. Kc4 g5 53.
Kd4 Kb8 54. Ke3 Ka7 55. Kf3 Kxa6 56. Kg4 d5 57. Ne3 d4 58. Nc2 Kxa5 59. Nxd4
Nc7 60. Kxg5 Ne6+ 1/2-1/2

[Event "DVM U16 2024"]
[Site "Sebnitz GER"]
[Date "2024.12.29"]
[Round "5"]
[White "Miller, Lysander"]
[Black "Aravindan, Midhulan"]
[Result "0-1"]
[Termination "normal"]
[Board "1.4"]
[WhiteElo "1788"]
[BlackElo "1887"]
[WhiteTeam "OSG Baden-Baden"]
[BlackTeam "SG Porz"]
[PlyCount "70"]
[WhiteFideId "34628398"]
[BlackFideId "16237250"]
[EventCountry "GER"]
[EventRounds "7"]
[EventType "team-swiss"]
[EventDate "2024.12.26"]

1. e4 e6 2. d4 d5 3. Bd3 h6 4. e5 c5 5. c3 Nc6 6. Ne2 Qb6 7. Bc2 Bd7 8. O-O g5
9. Kh1 O-O-O 10. Be3 f5 11. exf6 Nxf6 12. dxc5 Bxc5 13. Bxc5 Qxc5 14. b4 Qb6
15. a4 h5 16. Nd2 h4 17. Nb3 Ng4 18. Ned4 e5 19. a5 Qc7 20. Nb5 Qb8 21. Qxd5
Rh6 22. Nc5 e4 23. g3 hxg3 24. f4 Rxh2+ 25. Kg1 Rg2+ 26. Kxg2 Ne3+ 27. Kg1 Nxd5
28. Nxe4 Bg4 29. fxg5 Ne3 30. Rf6 Nxc2 31. Nbd6+ Rxd6 32. Nxd6+ Kd7 33. Ra2 Be6
34. Rxc2 Qxd6 35. Rc1 Qd2 0-1

[Event "DVM U16 2024"]
[Site "Sebnitz GER"]
[Date "2024.12.29"]
[Round "5"]
[White "Vollbehr, Bjarne"]
[Black "Fruth, David"]
[Result "1-0"]
[Termination "normal"]
[Board "2.1"]
[WhiteElo "2075"]
[BlackElo "2132"]
[WhiteTeam "SK Doppelbauer Kiel 1910"]
[BlackTeam "USV TU Dresden"]
[PlyCount "71"]
[WhiteFideId "34606025"]
[BlackFideId "16257596"]
[EventCountry "GER"]
[EventRounds "7"]
[EventType "team-swiss"]
[EventDate "2024.12.26"]

1. Nf3 c5 2. b3 Nc6 3. Bb2 d6 4. e3 e5 5. d4 cxd4 6. exd4 Bg4 7. dxe5 dxe5 8.
Qxd8+ Rxd8 9. Nbd2 Bb4 10. a3 Ba5 11. b4 Bb6 12. Bd3 f6 13. O-O Nge7 14. h3 Be6
15. Rfe1 h5 16. Nc4 Bxc4 17. Bxc4 g5 18. Rad1 Rxd1 19. Rxd1 g4 20. Nd2 Nf5 21.
Ne4 Ke7 22. a4 g3 23. Nxg3 Nxg3 24. a5 Bxf2+ 25. Kxf2 Ne4+ 26. Ke3 Nd6 27. Be2
Rg8 28. Kf2 h4 29. Bf3 Rg3 30. a6 e4 31. Be2 bxa6 32. Bxf6+ Kd7 33. Bg4+ Kc7
34. Bxh4 Rc3 35. Bg3 e3+ 36. Kg1 1-0

[Event "DVM U16 2024"]
[Site "Sebnitz GER"]
[Date "2024.12.29"]
[Round "5"]
[White "Marynychenko, Yehor"]
[Black "Bräutigam, Alexander"]
[Result "1/2-1/2"]
[Termination "normal"]
[Board "2.2"]
[WhiteElo "2063"]
[BlackElo "2054"]
[WhiteTeam "USV TU Dresden"]
[BlackTeam "SK Doppelbauer Kiel 1910"]
[PlyCount "86"]
[WhiteFideId "34160558"]
[BlackFideId "16245210"]
[EventCountry "GER"]
[EventRounds "7"]
[EventType "team-swiss"]
[EventDate "2024.12.26"]

1. e4 c5 2. c3 d5 3. exd5 Qxd5 4. d4 g6 5. Nf3 Bg7 6. Nbd2 cxd4 7. Bc4 Qa5 8.
Nxd4 Nf6 9. Qe2 Nc6 10. Nxc6 bxc6 11. O-O e6 12. Nb3 Qc7 13. Rd1 O-O 14. Nc5
Nd5 15. Bb3 a5 16. c4 Nb6 17. a4 e5 18. Bd2 Qe7 19. Be3 Rb8 20. Qd2 Nd7 21.
Qxa5 Nf6 22. h3 Nh5 23. Re1 f5 24. f3 e4 25. Bf2 Qg5 26. Nxe4 Qd8 27. Qxd8 Rxd8
28. Nc5 Bxb2 29. Rad1 Rxd1 30. Rxd1 Ba3 31. Rd8+ Kf7 32. Bd1 Rb1 33. Kh2 Be6
34. Nxe6 Kxe6 35. c5 Bb2 36. Rd6+ Ke7 37. Rd2 Bc3 38. Re2+ Kf6 39. Bc2 Rb2 40.
g3 Ng7 41. Be3 Ne6 42. Rg2 Nd4 43. Bxd4+ Bxd4 1/2-1/2

[Event "DVM U16 2024"]
[Site "Sebnitz GER"]
[Date "2024.12.29"]
[Round "5"]
[White "Bräutigam, Katerina"]
[Black "Ellinger, Maximilian"]
[Result "1/2-1/2"]
[Termination "normal"]
[Board "2.3"]
[WhiteTitle "WFM"]
[WhiteElo "1947"]
[BlackElo "1996"]
[WhiteTeam "SK Doppelbauer Kiel 1910"]
[BlackTeam "USV TU Dresden"]
[PlyCount "110"]
[WhiteFideId "16242980"]
[BlackFideId "34631003"]
[EventCountry "GER"]
[EventRounds "7"]
[EventType "team-swiss"]
[EventDate "2024.12.26"]

1. d4 Nf6 2. Bf4 c5 3. e3 g6 4. c3 b6 5. Nf3 Bg7 6. Nbd2 O-O 7. Bd3 d6 8. h3
Nbd7 9. Bh2 Bb7 10. O-O Re8 11. e4 cxd4 12. cxd4 e5 13. Qb3 exd4 14. Bxd6 Nxe4
15. Nxe4 Bxe4 16. Bxe4 Rxe4 17. Rae1 Rxe1 18. Rxe1 Bf8 19. Bxf8 Nxf8 20. Rd1
Ne6 21. Qa4 Qd6 22. Rd2 d3 23. Qe4 Rd8 24. Ne5 Nc5 25. Qf4 f6 26. Qc4+ Qd5 27.
Qxd5+ Rxd5 28. Ng4 Kf7 29. f3 a5 30. Ne3 Rd6 31. Nc4 Re6 32. b3 f5 33. Kf2 Kf6
34. g3 g5 35. Nb2 Rd6 36. Nc4 Rc6 37. Ke3 Re6+ 38. Kf2 f4 39. g4 Ke7 40. Nb2
Rc6 41. Ke1 Re6+ 42. Kf2 Rh6 43. Kg2 Kd7 44. a3 Rd6 45. b4 axb4 46. axb4 Na6
47. Nxd3 Kc8 48. Rc2+ Kb7 49. Rc3 Rd4 50. Rb3 Kc7 51. h4 gxh4 52. Kh3 Kd6 53.
Kxh4 Kd5 54. Kg5 Kc4 55. Ra3 Rxd3 1/2-1/2

[Event "DVM U16 2024"]
[Site "Sebnitz GER"]
[Date "2024.12.29"]
[Round "5"]
[White "Sato, Kai Nathan"]
[Black "Farokhi, Darian"]
[Result "0-1"]
[Termination "normal"]
[Board "2.4"]
[WhiteElo "1679"]
[BlackElo "1858"]
[WhiteTeam "USV TU Dresden"]
[BlackTeam "SK Doppelbauer Kiel 1910"]
[PlyCount "138"]
[WhiteFideId "34605630"]
[BlackFideId "16253108"]
[EventCountry "GER"]
[EventRounds "7"]
[EventType "team-swiss"]
[EventDate "2024.12.26"]

1. e4 e5 2. Nf3 Nc6 3. Bc4 Bc5 4. c3 Nf6 5. d3 d6 6. h3 h6 7. Bb3 a5 8. O-O O-O
9. Re1 Be6 10. Bc2 Bb6 11. Nbd2 Qb8 12. Nf1 Qa7 13. Be3 Rfe8 14. Ng3 Bxe3 15.
fxe3 Qb6 16. b3 Rad8 17. Kh1 Bc8 18. Qe2 d5 19. Rad1 dxe4 20. Nxe4 Nxe4 21.
dxe4 Qc5 22. c4 Be6 23. Nh4 Nb4 24. Rxd8 Rxd8 25. Bb1 f6 26. Nf5 Rd7 27. Qh5
Kf8 28. Qg6 Bxf5 29. exf5 Rd2 30. Be4 c6 31. a3 Nd3 32. Bxd3 Rxd3 33. Qh7 e4
34. Qh8+ Kf7 35. Qc8 Qe7 36. b4 axb4 37. axb4 Rd8 38. Qe6+ Qxe6 39. fxe6+ Kxe6
40. Kg1 Rd3 41. Kf2 Rb3 42. b5 cxb5 43. cxb5 Rxb5 44. Rc1 Rb2+ 45. Kg3 g5 46.
Rc4 Kd5 47. Rd4+ Ke5 48. Rd8 h5 49. h4 gxh4+ 50. Kxh4 Rxg2 51. Kxh5 Re2 52. Kg6
Rxe3 53. Re8+ Kd4 54. Kxf6 Rf3+ 55. Kg5 e3 56. Kg4 Rf7 57. Rd8+ Kc3 58. Rc8+
Kb4 59. Re8 b5 60. Rxe3 Ka4 61. Re8 Kb3 62. Rb8 b4 63. Rb6 Ka3 64. Ra6+ Kb2 65.
Rb6 b3 66. Rb5 Ka2 67. Ra5+ Kb1 68. Rb5 b2 69. Rb4 Kc2 0-1

[Event "DVM U16 2024"]
[Site "Sebnitz GER"]
[Date "2024.12.29"]
[Round "5"]
[White "Melestean, Timur"]
[Black "Korchynskyi, Mykola"]
[Result "1-0"]
[Termination "normal"]
[Board "3.1"]
[BlackTitle "FM"]
[WhiteElo "2157"]
[BlackElo "2284"]
[WhiteTeam "SK König Plauen"]
[BlackTeam "SF Essen-Katernberg 04/32"]
[PlyCount "101"]
[WhiteFideId "16280385"]
[BlackFideId "34138005"]
[EventCountry "GER"]
[EventRounds "7"]
[EventType "team-swiss"]
[EventDate "2024.12.26"]

1. d4 Nf6 2. c4 e6 3. Nc3 d5 4. cxd5 exd5 5. Bg5 Bb4 6. Nf3 h6 7. Bh4 g5 8. Bg3
Ne4 9. Nd2 Nxg3 10. hxg3 c6 11. e3 Be6 12. Bd3 Nd7 13. a3 Ba5 14. b4 Bc7 15.
Nb3 b6 16. Rc1 Bd6 17. e4 dxe4 18. Nxe4 Nb8 19. O-O O-O 20. Bb1 f5 21. Nxd6
Qxd6 22. Qd3 Nd7 23. Nd2 b5 24. g4 Rf6 25. gxf5 Bxf5 26. Ne4 Bxe4 27. Qxe4 Nf8
28. Ba2+ Kh8 29. Rfd1 Rd8 30. d5 cxd5 31. Rxd5 Qb6 32. Rcc5 Ng6 33. Qd4 Rdf8
34. Rd7 Re8 35. Rcc7 Nf8 36. Rg7 Ree6 37. Qxb6 axb6 38. Bxe6 Nxe6 39. Rh7+ Kg8
40. Rb7 Nd8 41. Rbg7+ Kf8 42. Ra7 Nf7 43. Ra8+ Ke7 44. Rb8 g4 45. Rg7 h5 46.
Rh7 Rf5 47. Rxb6 Kf8 48. Rb8+ Ke7 49. Rb7+ Kf8 50. Rhxf7+ Rxf7 51. Rxb5 1-0

[Event "DVM U16 2024"]
[Site "Sebnitz GER"]
[Date "2024.12.29"]
[Round "5"]
[White "Goldkuhle, Collin"]
[Black "Melestean, Maxim"]
[Result "0-1"]
[Termination "normal"]
[Board "3.2"]
[WhiteElo "1970"]
[BlackElo "1962"]
[WhiteTeam "SF Essen-Katernberg 04/32"]
[BlackTeam "SK König Plauen"]
[PlyCount "76"]
[WhiteFideId "16271106"]
[BlackFideId "16280393"]
[EventCountry "GER"]
[EventRounds "7"]
[EventType "team-swiss"]
[EventDate "2024.12.26"]

1. e4 e5 2. Nc3 Nf6 3. g3 Nc6 4. Bg2 Bc5 5. Nge2 O-O 6. O-O a6 7. h3 b5 8. a3
Bb7 9. Kh2 Re8 10. d3 Nd4 11. f4 d6 12. Bd2 Qd7 13. Nd5 Bxd5 14. exd5 Nxe2 15.
Qxe2 exf4 16. Qf3 fxg3+ 17. Qxg3 Bd4 18. Qh4 Bxb2 19. Ra2 Re2 20. Bg5 Be5+ 21.
Kh1 c5 22. a4 b4 23. Raa1 Bxa1 24. Rxa1 Ne8 25. Rg1 Rxc2 26. Re1 b3 27. d4 Rxg2
28. Kxg2 b2 29. Qf2 Qb7 30. Re7 Qxe7 31. Bxe7 b1=Q 32. Qf4 Rb8 33. dxc5 Qa2+
34. Kg3 Qa3+ 35. Kg4 Rb4 36. cxd6 Rxf4+ 37. Kxf4 Nxd6 38. Ke5 Nc4+ 0-1

[Event "DVM U16 2024"]
[Site "Sebnitz GER"]
[Date "2024.12.29"]
[Round "5"]
[White "Akladius, Kyrillus"]
[Black "Berresheim, Nils"]
[Result "0-1"]
[Termination "normal"]
[Board "3.3"]
[WhiteElo "1659"]
[BlackElo "1893"]
[WhiteTeam "SK König Plauen"]
[BlackTeam "SF Essen-Katernberg 04/32"]
[PlyCount "58"]
[WhiteFideId "16267036"]
[BlackFideId "16246306"]
[EventCountry "GER"]
[EventRounds "7"]
[EventType "team-swiss"]
[EventDate "2024.12.26"]

1. e4 c5 2. Nf3 e6 3. d4 cxd4 4. Nxd4 Nc6 5. Nc3 Nf6 6. f3 Bb4 7. Qd3 d5 8.
Nxc6 bxc6 9. Bd2 O-O 10. e5 Nd7 11. f4 Rb8 12. Qh3 Nc5 13. a3 Bxc3 14. Bxc3 Na4
15. b3 Nxc3 16. Qxc3 Qb6 17. Be2 Ba6 18. Bxa6 Qxa6 19. a4 Rfc8 20. Qc5 Rb5 21.
Qc3 Ra5 22. Kf2 Qb6+ 23. Kg3 d4 24. Qd3 Rd8 25. Rhd1 Rc5 26. Kg4 Rc3 27. Qe4 g6
28. Qe2 Qc5 29. Ra2 f5+ 0-1

[Event "DVM U16 2024"]
[Site "Sebnitz GER"]
[Date "2024.12.29"]
[Round "5"]
[White "Lüersen, Lukas"]
[Black "Rühmer, Nico"]
[Result "1/2-1/2"]
[Termination "normal"]
[Board "3.4"]
[WhiteElo "1815"]
[BlackElo "1626"]
[WhiteTeam "SF Essen-Katernberg 04/32"]
[BlackTeam "SK König Plauen"]
[PlyCount "113"]
[WhiteFideId "34628371"]
[BlackFideId "34640339"]
[EventCountry "GER"]
[EventRounds "7"]
[EventType "team-swiss"]
[EventDate "2024.12.26"]

1. e4 c5 2. Nc3 Nc6 3. Nf3 d6 4. Bb5 Bd7 5. Bxc6 bxc6 6. e5 d5 7. d3 Bg4 8. h3
Bh5 9. O-O e6 10. b3 Qc7 11. Re1 Ne7 12. Na4 Bxf3 13. Qxf3 Nf5 14. Ba3 Nd4 15.
Qd1 Qa5 16. c3 Nb5 17. Bxc5 Nxc3 18. Qd2 Bxc5 19. Nxc5 Qxc5 20. d4 Qb4 21. Re3
Nxa2 22. Rxa2 Qxd2 23. Rxd2 Rb8 24. Ra2 Rb7 25. Rc3 Kd7 26. Ra6 Rc8 27. Kf1
Rcc7 28. Ke2 Rb6 29. Ra3 Rcb7 30. Kd3 Rb5 31. Kc2 Kc7 32. Ra6 R5b6 33. Ra3 Kb8
34. Rc5 Rc7 35. Kc3 a6 36. Rca5 Ra7 37. Rc5 Kb7 38. Kd3 Rb5 39. Rc3 Kb6 40. Ra4
a5 41. g3 Rc7 42. h4 c5 43. dxc5+ Rcxc5 44. Rg4 Rxc3+ 45. Kxc3 Rc5+ 46. Kd3 g6
47. Rf4 Rc7 48. Kd4 a4 49. Kd3 axb3 50. Rb4+ Kc6 51. Rxb3 Kd7 52. Rb4 Ke7 53.
Ra4 h6 54. Rf4 Kf8 55. Ra4 Kg7 56. Rf4 Ra7 57. Rb4 1/2-1/2

[Event "DVM U16 2024"]
[Site "Sebnitz GER"]
[Date "2024.12.29"]
[Round "5"]
[White "Torosyan, Bagrat"]
[Black "Nunez Grégoire, Daniel"]
[Result "0-1"]
[Termination "normal"]
[Board "4.1"]
[WhiteElo "2153"]
[BlackElo "2041"]
[WhiteTeam "TSG Oberschöneweide"]
[BlackTeam "Stuttgarter SF 1879"]
[PlyCount "92"]
[WhiteFideId "16258134"]
[BlackFideId "34627103"]
[EventCountry "GER"]
[EventRounds "7"]
[EventType "team-swiss"]
[EventDate "2024.12.26"]

1. e4 e5 2. Nf3 Nc6 3. Bb5 a6 4. Ba4 Nf6 5. O-O Nxe4 6. d4 b5 7. Bb3 d5 8. dxe5
Be6 9. Nbd2 Nc5 10. c3 Nxb3 11. Nxb3 Be7 12. Re1 O-O 13. Nfd4 Na7 14. Be3 Qc8
15. Nxe6 fxe6 16. Bc5 Qd7 17. Qg4 Nc6 18. a4 Rfb8 19. a5 Rf8 20. Bxe7 Qxe7 21.
Nc1 Nb8 22. b4 Nd7 23. Nb3 Rfe8 24. Qd4 c5 25. Qd2 Rac8 26. Rac1 cxb4 27. cxb4
Rc4 28. Rxc4 dxc4 29. Nd4 Nb8 30. Qe3 Qxb4 31. f4 Qc5 32. f5 exf5 33. e6 Nc6
34. Nxc6 Qxc6 35. e7 c3 36. Kh1 c2 37. Qb3+ Qc4 38. Qxc4+ bxc4 39. Kg1 Rxe7 40.
Rc1 Re2 41. h4 Rd2 42. Kh2 Kf7 43. Kg3 Ke6 44. Kf3 Kd5 45. g3 Kd4 46. Kf4 Kc3
0-1

[Event "DVM U16 2024"]
[Site "Sebnitz GER"]
[Date "2024.12.29"]
[Round "5"]
[White "Gotfried, Elias"]
[Black "Ruddat, Jarne"]
[Result "1-0"]
[Termination "normal"]
[Board "4.2"]
[WhiteElo "1968"]
[BlackElo "1970"]
[WhiteTeam "Stuttgarter SF 1879"]
[BlackTeam "TSG Oberschöneweide"]
[PlyCount "73"]
[WhiteFideId "34630171"]
[BlackFideId "16254236"]
[EventCountry "GER"]
[EventRounds "7"]
[EventType "team-swiss"]
[EventDate "2024.12.26"]

1. e4 c5 2. Nc3 Nc6 3. g3 g6 4. Bg2 Bg7 5. d3 d6 6. f4 e6 7. Nf3 Nge7 8. Be3
O-O 9. O-O b6 10. h4 d5 11. Bf2 f5 12. e5 h5 13. Nb5 Qd7 14. Nd6 Ba6 15. c4 Nc8
16. cxd5 exd5 17. Qb3 Nxd6 18. Qxd5+ Kh8 19. Ng5 Nd4 20. Bxd4 Bb7 21. Qe6 Qe8
22. Bxb7 Nxb7 23. Bc3 Nd8 24. Qd6 Rc8 25. e6 Bxc3 26. bxc3 Nc6 27. e7 Qxe7 28.
Qxg6 Qe3+ 29. Kg2 Rc7 30. Ne6 Rg8 31. Qh6+ Rh7 32. Qf6+ Rhg7 33. Nxg7 Rxg7 34.
Qf8+ Kh7 35. Qxf5+ Kg8 36. Qd5+ Kf8 37. Qf3 1-0

[Event "DVM U16 2024"]
[Site "Sebnitz GER"]
[Date "2024.12.29"]
[Round "5"]
[White "Bongardt, Livius"]
[Black "Goldinov, Daniel"]
[Result "1-0"]
[Termination "normal"]
[Board "4.3"]
[WhiteElo "1975"]
[BlackElo "1925"]
[WhiteTeam "TSG Oberschöneweide"]
[BlackTeam "Stuttgarter SF 1879"]
[PlyCount "65"]
[WhiteFideId "16265718"]
[BlackFideId "34605649"]
[EventCountry "GER"]
[EventRounds "7"]
[EventType "team-swiss"]
[EventDate "2024.12.26"]

1. e4 c5 2. Nf3 e6 3. d4 cxd4 4. Nxd4 Nc6 5. Nc3 Qc7 6. Nb3 a6 7. Bd3 Nf6 8. f4
d6 9. O-O Be7 10. Qf3 Bd7 11. a3 O-O 12. Bd2 Rfd8 13. Rae1 Be8 14. Qh3 g6 15.
g4 Nd7 16. f5 Bf6 17. g5 Bg7 18. fxe6 Nb6 19. Nd5 Nxd5 20. exd5 Ne5 21. Bc3
fxe6 22. dxe6 Nxd3 23. Bxg7 Qxg7 24. Qxd3 Qe7 25. Rf6 Bc6 26. Nd4 Rf8 27. Ref1
Rac8 28. Qg3 Bd5 29. Rf7 Rxf7 30. Rxf7 Qd8 31. Qf4 Qa5 32. c3 Qb6 33. Qf6 1-0

[Event "DVM U16 2024"]
[Site "Sebnitz GER"]
[Date "2024.12.29"]
[Round "5"]
[White "Babaian, Bagrat"]
[Black "Smith, Tobias"]
[Result "1/2-1/2"]
[Termination "normal"]
[Board "4.4"]
[WhiteElo "1763"]
[BlackElo "2006"]
[WhiteTeam "Stuttgarter SF 1879"]
[BlackTeam "TSG Oberschöneweide"]
[PlyCount "106"]
[WhiteFideId "34107428"]
[BlackFideId "16254228"]
[EventCountry "GER"]
[EventRounds "7"]
[EventType "team-swiss"]
[EventDate "2024.12.26"]

1. d4 d5 2. c4 Nc6 3. Nf3 e5 4. dxe5 d4 5. a3 Nge7 6. e3 Bg4 7. Be2 dxe3 8.
Bxe3 Qxd1+ 9. Bxd1 Ng6 10. Nc3 Ngxe5 11. Nxe5 Nxe5 12. Bxg4 Nxg4 13. Bf4 O-O-O
14. h3 Re8+ 15. Kf1 Ne5 16. Re1 Bd6 17. Bxe5 Bxe5 18. Re3 c6 19. g3 f5 20. Kg2
f4 21. gxf4 Bxf4 22. Re4 Rxe4 23. Nxe4 Rd8 24. Re1 Rd4 25. Kf3 Bh6 26. c5 Kd7
27. Re2 Rd3+ 28. Kg4 Bc1 29. Rc2 Rd4 30. f3 Bh6 31. Re2 b6 32. f4 bxc5 33.
Nxc5+ Kd6 34. Ne6 Rd5 35. Re4 g6 36. b4 Rd1 37. Nc5 Rg1+ 38. Kf3 Rf1+ 39. Kg4
Rg1+ 40. Kf3 Rf1+ 41. Kg3 Kd5 42. Re5+ Kc4 43. Ne6 Kb3 44. Ra5 Rg1+ 45. Kf2 Rh1
46. Rxa7 Rxh3 47. Rxh7 Rh2+ 48. Kf3 Bxf4 49. Nd4+ Kxa3 50. Rxh2 Bxh2 51. Nxc6
Ka4 52. Kg4 Kb5 53. Ne7 Kxb4 1/2-1/2

[Event "DVM U16 2024"]
[Site "Sebnitz GER"]
[Date "2024.12.29"]
[Round "5"]
[White "Zhang, Yibo"]
[Black "Malinowsky, Levi"]
[Result "1/2-1/2"]
[Termination "normal"]
[Board "5.1"]
[BlackTitle "CM"]
[WhiteElo "1982"]
[BlackElo "2190"]
[WhiteTeam "SV Stuttgart-Wolfbusch 1956"]
[BlackTeam "Lübecker SV 1873"]
[PlyCount "79"]
[WhiteFideId "16287657"]
[BlackFideId "16253094"]
[EventCountry "GER"]
[EventRounds "7"]
[EventType "team-swiss"]
[EventDate "2024.12.26"]

1. e4 c5 2. Nf3 a6 3. Nc3 d6 4. d4 cxd4 5. Nxd4 Nf6 6. Be2 e5 7. Nb3 Be7 8. O-O
O-O 9. Be3 Be6 10. Qd3 Nbd7 11. Nd5 Bxd5 12. exd5 Re8 13. c4 Bf8 14. Rac1 a5
15. Nd2 g6 16. Qb3 b6 17. a3 Nc5 18. Qc2 a4 19. Nb1 Nfd7 20. Nc3 f5 21. f3 Nf6
22. g4 Qd7 23. gxf5 gxf5 24. Kh1 Kh8 25. Bxc5 bxc5 26. Bd3 Bh6 27. Bxf5 Qe7 28.
Rce1 Nh5 29. Ne2 Qh4 30. Bxh7 Bf4 31. Nxf4 exf4 32. Rxe8+ Rxe8 33. Qg6 Ng7 34.
Rg1 Qxh7 35. Qf6 Kg8 36. Rg6 Rf8 37. Qe6+ Rf7 38. Qe8+ Rf8 39. Qe6+ Rf7 40.
Qe8+ 1/2-1/2

[Event "DVM U16 2024"]
[Site "Sebnitz GER"]
[Date "2024.12.29"]
[Round "5"]
[White "Sommer, Justus"]
[Black "Farin, Kai"]
[Result "1/2-1/2"]
[Termination "normal"]
[Board "5.2"]
[WhiteElo "2128"]
[BlackElo "1727"]
[WhiteTeam "Lübecker SV 1873"]
[BlackTeam "SV Stuttgart-Wolfbusch 1956"]
[PlyCount "169"]
[WhiteFideId "16245008"]
[BlackFideId "34628312"]
[EventCountry "GER"]
[EventRounds "7"]
[EventType "team-swiss"]
[EventDate "2024.12.26"]

1. e4 e5 2. Nf3 Nf6 3. Nxe5 Qe7 4. d4 Nc6 5. Nc3 Nxe5 6. dxe5 Qxe5 7. f4 Qa5 8.
Bd2 Bb4 9. Bd3 Bxc3 10. Bxc3 Qb6 11. Qd2 O-O 12. O-O-O Ng4 13. e5 Nf2 14. Bd4
Nxd3+ 15. Qxd3 Qe6 16. f5 Qxa2 17. f6 g6 18. h4 d6 19. h5 g5 20. exd6 cxd6 21.
b3 Be6 22. Bc3 Rac8 23. Kd2 Qa6 24. Qxa6 bxa6 25. Bd4 Rc7 26. b4 h6 27. Ra1 Bc4
28. Rhe1 Rfc8 29. c3 Kf8 30. Re3 Re8 31. Rxe8+ Kxe8 32. Re1+ Be6 33. Ra1 Bc4
34. Be3 Kf8 35. Re1 Be6 36. Ra1 Bc4 37. Bf2 Rc8 38. Bg3 Ke8 39. Re1+ Be6 40.
Kc2 Kd7 41. Ra1 Bc4 42. Re1 Be6 43. Bf2 Re8 44. Kd2 Bg4 45. Rxe8 Kxe8 46. Bxa7
Bxh5 47. Ke3 Kd7 48. Kf2 Ke6 49. Bd4 Bd1 50. g3 Kf5 51. Kg2 Be2 52. Kg1 Bb5 53.
Kg2 Kg4 54. Bb6 Bc6+ 55. Kh2 h5 56. Ba7 Kf5 57. Bd4 Bf3 58. Kg1 Kg4 59. Kh2 Bd5
60. Ba7 Bc6 61. Bb6 Kf3 62. Bc7 d5 63. Bb6 Ke2 64. Ba7 Kf1 65. Be3 Ke2 66. Ba7
Kf3 67. Bb6 Kg4 68. Ba7 h4 69. gxh4 gxh4 70. Bb6 Bb5 71. Ba7 Bf1 72. Bb6 h3 73.
Ba7 Kf3 74. Bb6 Kf4 75. Ba7 Ke5 76. Bd4+ Ke6 77. Kg1 Bg2 78. Kh2 Kd6 79. Bc5+
Kc6 80. Bd4 Kb5 81. Be5 Ka4 82. Bd4 a5 83. bxa5 Kxa5 84. Be5 Kb5 85. Bd4
1/2-1/2

[Event "DVM U16 2024"]
[Site "Sebnitz GER"]
[Date "2024.12.29"]
[Round "5"]
[White "Marinin, Georgii"]
[Black "Engels, Ruben"]
[Result "1/2-1/2"]
[Termination "normal"]
[Board "5.3"]
[WhiteElo "1747"]
[BlackElo "1902"]
[WhiteTeam "SV Stuttgart-Wolfbusch 1956"]
[BlackTeam "Lübecker SV 1873"]
[PlyCount "107"]
[WhiteFideId "34617140"]
[BlackFideId "34612939"]
[EventCountry "GER"]
[EventRounds "7"]
[EventType "team-swiss"]
[EventDate "2024.12.26"]

1. d4 d5 2. Nf3 Nf6 3. g3 Bf5 4. Bg2 e6 5. c4 c6 6. Qb3 Qb6 7. c5 Qxb3 8. axb3
Na6 9. Bd2 Be7 10. Ne5 Nc7 11. Nc3 O-O 12. b4 Rfd8 13. Bf4 Nfe8 14. g4 Be4 15.
f3 Bg6 16. Nxg6 hxg6 17. e3 g5 18. Bg3 f5 19. O-O Bf6 20. Rfd1 Rd7 21. h3 a6
22. Rd2 g6 23. b3 Bg7 24. Kh1 Rad8 25. Rad1 Rf7 26. Bf2 e5 27. e4 dxe4 28. fxe4
exd4 29. Bxd4 Rfd7 30. Be3 Rxd2 31. Rxd2 Rxd2 32. Bxd2 f4 33. Kg1 Ne6 34. Bf1
Nd4 35. Kf2 Kf8 36. Bc4 Nf6 37. e5 Nd7 38. Ne4 Bxe5 39. Nxg5 Ke7 40. Nf3 Nxf3
41. Kxf3 g5 42. Ke4 Kf6 43. Be1 a5 44. Bd2 Bb2 45. Be1 Be5 46. Bd2 Bb2 47. Be1
Ba3 48. Bc3+ Kg6 49. Be6 axb4 50. Bd4 Nf6+ 51. Bxf6 Kxf6 52. Bc8 Bc1 53. Bxb7
Be3 54. Bxc6 1/2-1/2